25 największych miast Algierii - Statystyki

Ogólne statystyki
  • Ten quiz został rozwiązany 3 razy
  • Średni wynik to 8 z 25
Statystyki odpowiedzi
Populacja Miasto % Poprawnych
2,3M Algier
100%
448K Konstantyna
100%
803K Oran
100%
155K Asz-Szalif
67%
252K Satif
67%
173K Tilimsan
67%
331K Al-Bulajda
33%
145K Al-Ulma
33%
186K Al-Wadi
33%
342K Annaba
33%
165K Baszszar
33%
289K Batina
33%
204K Biskira
33%
265K Dżilfa
33%
182K Sukajkida
33%
143K Tukkurt
33%
145K Al-Madijja
0%
176K Bidżaja
0%
158K Burdż Bu Urajridż
0%
162K Mustaghanim
0%
210K Sidi Bu-l-Abbas
0%
153K Suk Ahras
0%
194K Tibissa
0%
178K Tijarat
0%
169K Warkala
0%
Nie znaleziono quizów pasujących do podanych kryteriów
Rozkład punktacji
Procent ludzi z każdym wynikiem
Percentyl według liczby udzielonych odpowiedzi
Twoja historia wyników
Nie rozwiązałeś tego quizu